<?xml version="1.0" encoding="UTF-8"?>
<record
    xmlns:xsi="http://www.w3.org/2001/XMLSchema-instance"
    xsi:schemaLocation="http://www.loc.gov/MARC21/slim http://www.loc.gov/standards/marcxml/schema/MARC21slim.xsd"
    xmlns="http://www.loc.gov/MARC21/slim">

  <leader>00662nam a22002537a 4500</leader>
  <controlfield tag="003">UA-OsUOA</controlfield>
  <controlfield tag="001"> 24289 </controlfield>
  <controlfield tag="007">ta</controlfield>
  <controlfield tag="008">20040212b un ||||| |||| 00| 0 ukr d</controlfield>
  <datafield tag="100" ind1=" " ind2=" ">
    <subfield code="a">&#x421;&#x43E;&#x440;&#x43E;&#x43A;&#x430; &#x41C;&#x438;&#x445;&#x430;&#x439;&#x43B;&#x43E;</subfield>
  </datafield>
  <datafield tag="090" ind1=" " ind2=" ">
    <subfield code="a">327(477)</subfield>
    <subfield code="b">&#x421;65</subfield>
  </datafield>
  <datafield tag="942" ind1=" " ind2=" ">
    <subfield code="c">BK</subfield>
  </datafield>
  <datafield tag="040" ind1=" " ind2=" ">
    <subfield code="a">UA-OsUOA</subfield>
    <subfield code="b">ukr</subfield>
    <subfield code="c">UA-OsUOA</subfield>
    <subfield code="d">UA-OsUOA</subfield>
  </datafield>
  <datafield tag="245" ind1=" " ind2=" ">
    <subfield code="a">&#x421;&#x432;&#x456;&#x442; &#x432;&#x456;&#x434;&#x43A;&#x440;&#x438;&#x432;&#x430;&#x454; &#x423;&#x43A;&#x440;&#x430;&#x457;&#x43D;&#x443;</subfield>
    <subfield code="b">&#x421;&#x442;&#x430;&#x442;&#x442;&#x456;. &#x414;&#x43E;&#x43A;&#x443;&#x43C;&#x435;&#x43D;&#x442;&#x438;. &#x41A;&#x43E;&#x43C;&#x435;&#x43D;&#x442;&#x430;&#x440;&#x456;</subfield>
  </datafield>
  <datafield tag="300" ind1=" " ind2=" ">
    <subfield code="a">783 &#x441;.</subfield>
  </datafield>
  <datafield tag="955" ind1=" " ind2=" ">
    <subfield code="a">0</subfield>
  </datafield>
  <datafield tag="041" ind1=" " ind2=" ">
    <subfield code="a">ukr</subfield>
  </datafield>
  <datafield tag="080" ind1=" " ind2=" ">
    <subfield code="a">327(477)</subfield>
  </datafield>
  <datafield tag="020" ind1=" " ind2=" ">
    <subfield code="a">966-7270-14-9</subfield>
  </datafield>
  <datafield tag="260" ind1=" " ind2=" ">
    <subfield code="a">&#x41A;&#x438;&#x457;&#x432;</subfield>
    <subfield code="b">&#x41A;&#x438;&#x457;&#x432;&#x441;&#x44C;&#x43A;&#x430; &#x43F;&#x440;&#x430;&#x432;&#x434;&#x430;</subfield>
    <subfield code="c">2001</subfield>
  </datafield>
  <datafield tag="044" ind1=" " ind2=" ">
    <subfield code="a">UA</subfield>
  </datafield>
  <datafield tag="650" ind1=" " ind2="7">
    <subfield code="2">UDC</subfield>
  </datafield>
  <datafield tag="999" ind1=" " ind2=" ">
    <subfield code="c">310556</subfield>
    <subfield code="d">310556</subfield>
  </datafield>
  <datafield tag="952" ind1=" " ind2=" ">
    <subfield code="0">0</subfield>
    <subfield code="1">0</subfield>
    <subfield code="2">udc</subfield>
    <subfield code="4">0</subfield>
    <subfield code="7">0</subfield>
    <subfield code="8">C_PASICHNYK_ID</subfield>
    <subfield code="a">102</subfield>
    <subfield code="b">102</subfield>
    <subfield code="d">2008-03-20</subfield>
    <subfield code="e">33/2008</subfield>
    <subfield code="g">15.00</subfield>
    <subfield code="i">112595</subfield>
    <subfield code="l">0</subfield>
    <subfield code="o">327(477) &#x421;65</subfield>
    <subfield code="p">112595</subfield>
    <subfield code="r">2022-02-07 00:00:00</subfield>
    <subfield code="w">2004-02-12</subfield>
    <subfield code="y">BK</subfield>
  </datafield>
  <datafield tag="952" ind1=" " ind2=" ">
    <subfield code="0">0</subfield>
    <subfield code="1">0</subfield>
    <subfield code="2">udc</subfield>
    <subfield code="4">0</subfield>
    <subfield code="7">0</subfield>
    <subfield code="a">102</subfield>
    <subfield code="b">102</subfield>
    <subfield code="d">2004-02-12</subfield>
    <subfield code="g">32.00</subfield>
    <subfield code="i">60649</subfield>
    <subfield code="l">0</subfield>
    <subfield code="o">327(477) &#x421;65</subfield>
    <subfield code="p">60649</subfield>
    <subfield code="r">2021-09-29 00:00:00</subfield>
    <subfield code="w">2004-02-12</subfield>
    <subfield code="y">BK</subfield>
  </datafield>
  <datafield tag="952" ind1=" " ind2=" ">
    <subfield code="0">0</subfield>
    <subfield code="1">0</subfield>
    <subfield code="2">udc</subfield>
    <subfield code="4">0</subfield>
    <subfield code="7">0</subfield>
    <subfield code="a">102</subfield>
    <subfield code="b">102</subfield>
    <subfield code="d">2004-02-12</subfield>
    <subfield code="g">32.00</subfield>
    <subfield code="i">60650</subfield>
    <subfield code="l">0</subfield>
    <subfield code="o">327(477) &#x421;65</subfield>
    <subfield code="p">60650</subfield>
    <subfield code="r">2021-09-29 00:00:00</subfield>
    <subfield code="w">2004-02-12</subfield>
    <subfield code="y">BK</subfield>
  </datafield>
</record>
